[Event "Christmas Open, Zurich SUI"]
[Site "?"]
[Date "2000.??.??"]
[Round "7"]
[White "Hochstrasser, M."]
[Black "Campanile, A."]
[Result "1-0"]
[WhiteElo "2290"]
[BlackElo "2135"]
[PlyCount "45"]
[EventDate "2000.??.??"]
[Source "www.chesslib.no"]
[SourceDate "2004.05.04"]

1. d4 f5 2. e4 fxe4 3. Nc3 Nf6 4. f3 d5 5. fxe4 dxe4 6. Bg5 Bg4 7. Qd2 Qd6 8. Bc4 Qb4 9. Bb3 Nbd7 10. h3 Bh5 11. g4 Bg6 12. Nge2 c5 13. O-O-O c4 14. a3 Qb6 15. Bxc4 O-O-O 16. Nf4 Ne5 17. Be6+ Kb8 18. Nxg6 Nxg6 19. d5 Ka8 20. Be3 Qa5 21. Qd4 Nh4 22. Nb5 b6 23. Qc4 1-0

[Event "2  Campionato Romano"]
[Site "?"]
[Date "1997.??.??"]
[Round "5"]
[White "Tosoni, A."]
[Black "Passerotti, Pierluigi"]
[Result "0-1"]
[WhiteElo "2115"]
[BlackElo "2310"]
[PlyCount "78"]
[EventDate "1997.??.??"]
[Source "www.chesslib.no"]
[SourceDate "2004.05.04"]

1. d4 f5 2. e4 fxe4 3. Nc3 Nc6 4. Nxe4 d5 5. Nc3 e5 6. dxe5 d4 7. Nce2 Bc5 8. f4 Bg4 9. a3 Nh6 10. h3 Bh5 11. Qd3 Bg6 12. Qc4 Qe7 13. b4 Bb6 14. Bb2 Nf5 15. Bc1 O-O-O 16. Nf3 Bf7 17. Qd3 Ne3 18. Bxe3 dxe3 19. Qc3 Bd5 20. Neg1 Rhf8 21. Bd3 Rxf4 22. O-O-O a5 23. b5 Na7 24. Ne2 Ra4 25. Kb2 Bc5 26. Ra1 Kb8 27. Rhb1 Nc8 28. Kc1 Nb6 29. Kd1 Bxa3 30. Ned4 Bb4 31. Qb2 Rxa1 32. Rxa1 Qc5 33. Nb3 Qxb5 34. Ke2 Bc4 35. Nc1 Nd5 36. Nd4 Qa6 37. Na2 Bxd3+ 38. cxd3 Qb6 39. g4 Nf4+ 0-1

[Event "SWE-chT 9900"]
[Site "?"]
[Date "2000.??.??"]
[Round "8"]
[White "Nylen Anders"]
[Black "Johansson Thomas"]
[Result "0-1"]
[WhiteElo "2205"]
[BlackElo "2218"]
[PlyCount "116"]
[EventDate "2000.??.??"]
[Source "www.chesslib.no"]
[SourceDate "2004.05.04"]

1. d4 f5 2. e4 fxe4 3. Nc3 Nf6 4. f3 d5 5. fxe4 dxe4 6. Bg5 Bf5 7. Bc4 e6 8. Nge2 Bd6 9. Qd2 Nbd7 10. O-O h6 11. Bf4 Qe7 12. Ng3 Bh7 13. Rae1 Bb4 14. a3 Bxc3 15. Qxc3 Nb6 16. Qb3 Nxc4 17. Qxc4 O-O 18. c3 Rf7 19. Qe2 c5 20. Be3 cxd4 21. Bxd4 e5 22. Be3 a6 23. Qc4 Bg6 24. h3 Kh8 25. Bb6 Qd6 26. Qb3 Raf8 27. Rd1 Qc6 28. Rd2 Nd7 29. Be3 Rxf1+ 30. Nxf1 Nc5 31. Qb4 b6 32. a4 a5 33. Qb5 Be8 34. Bxc5 bxc5 35. Qxa5 Qf6 36. Ne3 Qf4 37. Qxc5 Bxa4 38. Re2 Bd7 39. Qd6 Ra8 40. Re1 Qg3 41. Qd2 Bxh3 42. Nf1 Qg6 43. Qe2 Bf5 44. b4 Qc6 45. Ne3 Be6 46. c4 Qb6 47. b5 Ra3 48. Kh2 Rd3 49. Ng4 Bxc4 50. Qxe4 Rd4 51. Qe3 Bxb5 52. Nxe5 Rh4+ 53. Kg1 Qf6 54. Qf3 Rh1+ 55. Kf2 Qh4+ 56. g3 Qh2+ 57. Ke3 Rxe1+ 58. Kd4 Qd2+ 0-1

[Event "Montecatini Terme Open"]
[Site "?"]
[Date "2000.??.??"]
[Round "2"]
[White "Mariano Elia"]
[Black "Klip Hans"]
[Result "0-1"]
[WhiteElo "2093"]
[BlackElo "2330"]
[PlyCount "68"]
[EventDate "2000.??.??"]
[Source "www.chesslib.no"]
[SourceDate "2004.05.04"]

1. d4 f5 2. e4 fxe4 3. Nc3 g6 4. Nxe4 d5 5. Ng3 Bg7 6. Nf3 Nc6 7. c3 Qd6 8. Bd3 Nh6 9. h3 O-O 10. Be3 Nf7 11. Qd2 e5 12. dxe5 Nfxe5 13. Nxe5 Nxe5 14. Be2 Be6 15. O-O Rad8 16. Rad1 Rf7 17. f4 Nc6 18. f5 Bxf5 19. Nxf5 gxf5 20. Bh5 Rff8 21. Qf2 b6 22. Bg5 Rd7 23. Rfe1 Be5 24. Rd3 Rg7 25. Qd2 f4 26. Rxd5 Bd4+ 27. Qxd4 Nxd4 28. Rxd6 cxd6 29. Be7 Rf5 30. Bg4 f3 31. Bh4 h5 32. Re8+ Rf8 33. Rxf8+ Kxf8 34. Bxh5 Ne2+ 0-1

[Event "TCh-SWE Elitserien 2004-5"]
[Site "?"]
[Date "2005.02.26"]
[Round "8"]
[White "Nylen Anders"]
[Black "Johnson Bjorn"]
[Result "1-0"]
[WhiteElo "2205"]
[BlackElo "2216"]
[PlyCount "76"]
[EventDate "2005.??.??"]
[Source "www.chesslib.no"]
[SourceDate "2004.05.04"]

1. d4 f5 2. e4 fxe4 3. Nc3 Nf6 4. f3 d5 5. fxe4 dxe4 6. Bc4 Bf5 7. Bg5 Nc6 8. Nge2 e6 9. O-O Na5 10. Bb3 Be7 11. Qe1 Nxb3 12. axb3 O-O 13. Rd1 h6 14. Be3 Nd5 15. Ng3 Bh4 16. Qe2 Bxg3 17. hxg3 g5 18. g4 Bg6 19. Bf2 Nxc3 20. bxc3 Qd6 21. c4 Rf4 22. c5 Qd7 23. Bg3 Raf8 24. Bxf4 gxf4 25. Qc4 Kh7 26. c6 bxc6 27. Qc5 Qd6 28. Qxd6 cxd6 29. Ra1 e3 30. Rxa7+ Kg8 31. Rfa1 Bxc2 32. Rb7 e5 33. dxe5 dxe5 34. Raa7 Rd8 35. Rd7 Rb8 36. b4 e4 37. Rg7+ Kh8 38. Rh7+ Kg8 1-0

[Event "ROM-ch sf"]
[Site "?"]
[Date "2000.??.??"]
[Round "3"]
[White "Economescu Valentin"]
[Black "Grunberg Florin"]
[Result "1/2-1/2"]
[WhiteElo "2123"]
[BlackElo "2289"]
[PlyCount "93"]
[EventDate "2000.??.??"]
[Source "www.chesslib.no"]
[SourceDate "2004.05.04"]

1. d4 f5 2. e4 fxe4 3. Nc3 Nf6 4. f3 d5 5. Bg5 Nc6 6. Bxf6 exf6 7. fxe4 dxe4 8. d5 Ne5 9. Qd4 Bf5 10. O-O-O Be7 11. Nxe4 O-O 12. Nf3 Re8 13. Ng3 Bg6 14. h4 Qd6 15. h5 Nxf3 16. gxf3 Bxc2 17. Kxc2 Qxg3 18. Bh3 Bd6 19. Be6+ Kh8 20. h6 Qg6+ 21. Kb3 c5 22. hxg7+ Kxg7 23. Qe4 Qxe4 24. fxe4 Bf4 25. Rhg1+ Bg5 26. e5 h6 27. exf6+ Kxf6 28. Rgf1+ Ke5 29. Rf7 Re7 30. Kc4 Rxf7 31. Bxf7 Rf8 32. Re1+ Kd6 33. Re6+ Kd7 34. Bg6 b6 35. a4 Rf4+ 36. Re4 Rf2 37. b3 a6 38. Re6 Rf4+ 39. Re4 Rf2 40. Re6 Rf4+ 41. Re4 Rf1 42. Re6 Kc7 43. a5 Rc1+ 44. Kd3 Rd1+ 45. Kc2 Rd2+ 46. Kc3 b5 47. Rc6+ 1/2-1/2

[Event "Corr"]
[Site "?"]
[Date "2000.05.15"]
[Round "?"]
[White "Haika Guenter (AUT)"]
[Black "Peschardt Soeren (DEN)"]
[Result "1/2-1/2"]
[WhiteElo "2255"]
[BlackElo "2155"]
[PlyCount "56"]
[EventDate "2000.??.??"]
[Source "www.chesslib.no"]
[SourceDate "2004.05.04"]

1. d4 f5 2. e4 fxe4 3. Nc3 Nf6 4. f3 d5 5. fxe4 dxe4 6. Bg5 Bf5 7. Bc4 Nc6 8. Nge2 Qd7 9. d5 Na5 10. Bb5 c6 11. dxc6 bxc6 12. Ba4 Rd8 13. Qxd7+ Bxd7 14. O-O-O Nc4 15. Bb3 Na5 16. Ng3 Nxb3+ 17. axb3 h6 18. Bf4 Be6 19. Rxd8+ Kxd8 20. Ngxe4 Nxe4 21. Nxe4 Bd5 22. Re1 g5 23. Bb8 a6 24. Be5 Rh7 25. Kd2 Rf7 26. g4 e6 27. Ke3 Bxe4 28. Kxe4 Kc8 1/2-1/2

[Event "Metz Open"]
[Site "Metz FRA"]
[Date "1991.??.??"]
[Round "?"]
[White "Jung, Karl Otto"]
[Black "Jackson, Sheila"]
[Result "1-0"]
[WhiteElo "2210"]
[BlackElo "2195"]
[PlyCount "51"]
[EventDate "1991.04.??"]
[Source "www.chesslib.no"]
[SourceDate "2004.05.04"]

1. d4 f5 2. e4 fxe4 3. Nc3 Nf6 4. f3 e3 5. Bxe3 d5 6. Bd3 c5 7. dxc5 e5 8. Bg5 Be6 9. Qe2 Nc6 10. Bb5 Qc7 11. O-O-O O-O-O 12. Bxc6 bxc6 13. Qa6+ Qb7 14. Qa5 Be7 15. Re1 Qb8 16. Nge2 h6 17. Bh4 g5 18. Bg3 d4 19. Nxd4 Bd5 20. Bxe5 Qb7 21. Nf5 Rh7 22. Nd6+ Bxd6 23. cxd6 Nd7 24. Nxd5 Nxe5 25. Ne7+ Rxe7 26. dxe7 1-0

[Event "Corr"]
[Site "?"]
[Date "1997.??.??"]
[Round "?"]
[White "Lykke Hans Christian"]
[Black "Gogin Ruslan"]
[Result "1-0"]
[WhiteElo "2200"]
[BlackElo "2200"]
[PlyCount "41"]
[EventDate "1997.??.??"]
[Source "www.chesslib.no"]
[SourceDate "2004.05.04"]

1. d4 f5 2. e4 fxe4 3. Nc3 Nf6 4. f3 d5 5. fxe4 dxe4 6. Bg5 Bf5 7. Bc4 e6 8. g4 Bg6 9. Nge2 Nc6 10. Bxe6 h6 11. Bh4 Bb4 12. O-O Be7 13. Bxf6 Bxf6 14. Nd5 Rf8 15. c3 Qd6 16. Nef4 Bf7 17. Qe2 Bg5 18. Qxe4 Bxf4 19. Nxf4 Bxe6 20. Nxe6 Rf4 21. Rxf4 1-0

[Event "FRG-ch"]
[Site "Oberursel"]
[Date "1972.??.??"]
[Round "?"]
[White "Schmidt, B."]
[Black "Haubt, Georg"]
[Result "1-0"]
[WhiteElo "2200"]
[BlackElo "2200"]
[PlyCount "73"]
[EventDate "1972.??.??"]
[Source "www.chesslib.no"]
[SourceDate "2004.05.04"]

1. d4 f5 2. e4 fxe4 3. Nc3 Nf6 4. g4 g6 5. g5 Nh5 6. Nxe4 d5 7. Ng3 Nxg3 8. hxg3 Bg7 9. Bd3 Qd6 10. Bf4 Qe6+ 11. Qe2 Bxd4 12. Qxe6 Bxe6 13. c3 Bg7 14. Rxh7 Rxh7 15. Bxg6+ Bf7 16. Bxh7 e5 17. Bd2 Nd7 18. Nf3 e4 19. Nh4 Ne5 20. Nf5 Bh8 21. Be3 Be6 22. O-O-O Rd8 23. Rh1 c5 24. Rh6 Bxf5 25. Bxf5 Bg7 26. Re6+ Kf7 27. g6+ Kg8 28. Bg5 Rf8 29. g4 Nf3 30. Be7 Bh6+ 31. Kd1 Rc8 32. Rxe4 dxe4 33. Bxc8 b6 34. Bb7 Ne5 35. g5 Nxg6 36. gxh6 Nxe7 37. Bxe4 1-0